| 000 | 01563nam0a2200313 i 4500 | ||
|---|---|---|---|
| 001 | RU\NLR\BIBL_A\010410346 | ||
| 005 | 20260408191813.0 | ||
| 010 |
_a9785911349004 _bФорум |
||
| 010 |
_a978-5-16-009900-2 _bИНФРА-М _9300 |
||
| 021 |
_aRU _b14-30852 |
||
| 035 | _a(NILC)RuMoRGB-006807378 | ||
| 035 | _a(NLR Aleph) 010410346 | ||
| 090 |
_a9753421 _c9753421 |
||
| 100 | _a20140630d2014 u y0rusy50 ca | ||
| 101 | 0 | _arus | |
| 102 | _aRU | ||
| 105 | _aa|||j|||||||| | ||
| 200 | 1 |
_aРеклама в местах продаж _eучебное пособие для студентов и бакалавров высших учебных заведений, обучающихся по направлениям подготовки 031600.62 "Реклама и связи с общественностью", 032710.62 "Прикладная филология", 030300.62 "Психология" и 080200.62 "Менеджмент" _f[сост.: Т. Б. Колышкина и др.] |
|
| 210 |
_aМосква _cФорум _cИНФРА-М _d2014 |
||
| 215 |
_a230, [1] с. _cил. _d21 |
||
| 320 | _aБиблиогр.: с. 215-221 | ||
| 606 |
_aТорговля _xРеклама _jУчебные издания для высших учебных заведений _3RU\NLR\AUTH\661283061 _92125617 |
||
| 686 | 1 | _aУ42(0)1-803.81я73 | |
| 702 | 1 |
_aКолышкина _bТ. Б. _gТатьяна Борисовна _4220 |
|
| 801 | 0 |
_aRU _bРГБ _c20140422 _gRCR |
|
| 942 | _cBOOK | ||
| 980 | _aNBR | ||